00339nam a2200097Ia 4500008004100000100004300041245010300084260001300187260003300200300000800233201214s9999 xx 000 0 und d aHenry, Arnold K. and Miller, Sidney L. 0aTransportation and Traffic Management (Modern Business : A Series of Texts Prepared as Part of the aNew York bAlexander Hamilton Institute a381